Importance of Value Added Tax in the Slovak Republic and the European Union

Saved in:
Bibliographic Details
Main Author: Kopčáková, Janka, 1994-
Format: Book Chapter
Language:English
Subjects:
Tags: Add Tag
No Tags, Be the first to tag this record!

MARC

LEADER 00000naa a2200000 4500
001 0262893
005 20240502074157.8
041 0 |a eng 
044 |a SK 
245 1 0 |a Importance of Value Added Tax in the Slovak Republic and the European Union  |c Janka Kopčáková 
610 2 0 |a dane nepriame 
610 2 0 |a povinnosť daňová 
610 2 0 |a Európska únia 
610 2 0 |a Slovensko 
100 1 |a Kopčáková, Janka, 1994-